Viajes por Europa, Africa y América 1845-1847 / (Record no. 58480)

MARC details
000 -CABECERA
campo de control de longitud fija 00759nam a2200229 a 4500
005 - FECHA Y HORA DE LA ÚLTIMA TRANSACCIÓN
campo de control 20220517171645.0
008 - ELEMENTOS DE LONGITUD FIJA--INFORMACIÓN GENERAL
campo de control de longitud fija 991125s1996 es 000 0 spa u
020 ## - NÚMERO INTERNACIONAL NORMALIZADO PARA LIBROS
Número Internacional Estándar del Libro 8489666261
035 ## - NÚMERO DE CONTROL DEL SISTEMA
Número de control de sistema UPN01000058480
049 ## - COLECCIÓN
Colección CG
050 #4 - SIGNATURA TOPOGRÁFICA DE LA BIBLIOTECA DEL CONGRESO
Número de clasificación PQ7797 S2
Número de documento/Ítem S2.8 1996
100 1# - ASIENTO PRINCIPAL--NOMBRE PERSONAL
Nombre de persona Sarmiento, Domingo Faustino,
Fechas asociadas al nombre 1811-1888
245 10 - MENCIÓN DE TÍTULO
Título Viajes por Europa, Africa y América 1845-1847 /
Mención de responsabilidad, etc. Domingo Faustino Sarmiento ; ed. crítica Javier Fernández.
260 ## - PUBLICACIÓN, DISTRIBUCIÓN, ETC.
Lugar de publicación, distribución, etc. Madrid :
Nombre del editor, distribuidor, etc. ALLCA XX :
-- CNCA,
Fecha de publicación, distribución, etc. 1996.
300 ## - DESCRIPCIÓN FÍSICA
Extensión xxix, 1108 p
440 #0 - MENCIÓN DE SERIE/ASIENTO SECUNDARIO--TÍTULO
Título Archivos ;
Designación de volumen o secuencia 27
650 #4 - ASIENTO SECUNDARIO DE MATERIA - TERMINO TEMATICO
Término de materia o nombre geográfico como elemento de entrada LITERATURA ARGENTINA
9 (RLIN) 5070
651 #2 - ASIENTO SECUNDARIO DE MATERIA - NOMBRE GEOGRAFICO
Nombre geográfico América
Subdivisión general Descripción y viajes
9 (RLIN) 2336
651 #4 - ASIENTO SECUNDARIO DE MATERIA - NOMBRE GEOGRAFICO
Nombre geográfico EUROPA -
Subdivisión general DESCRIPCION Y VIAJES
9 (RLIN) 11439
700 1# - ASIENTO SECUNDARIO--NOMBRE DE PERSONAL
Nombre de persona Fernández, Javier,
Término indicativo de función/relación ed.
905 ## - TIPO DE MATERIAL
Tipo de material Libro
Holdings
Estado de retiro Estado de pérdida Fuente del sistema de clasificación o colocación Estado dañado No para préstamo Código de colección Localización permanente Ubicación/localización actual Ubicación en estantería Total de préstamos Clasificación Código de barras Fecha visto por última vez Número de copia Tipo de ítem Koha
    Library of Congress Classification     Colección General Bib. Gregorio Torres Quintero Bib. Gregorio Torres Quintero Planta baja   PQ7797 S2 S2.8 1996 143859 31/12/2020 1 Libro